00740cam a22001692 4500001001100000005001700011008004100028040001500069100003800084245016900122250001300291260004100304300002100345502004500366610006200411650009700473000002500820151217161559.0140414s xx 000 0 eng d aKABUcKABU1 aWasike, Noela Lesley.@000018537510aFactors influencing employee adoption of corporate green management practices in the mobile industry in Kenya :ba case of Safaricom Limited /cNoela Lesley Wasike. a1st ed. aNakuru :bKabarak University,c2013. aviii, 62 leaves. aThesis (MBA) - Kabarak University, 2013.20aSafarocomxManagementxEnvironmental aspects.@0000185376 0aCellular telephone services industryxManagementxEnvironmental aspects.zKenya.@0000185377